1966 NFL Pro Bowlers - Statistics

General Stats
  • This quiz has been taken 3 times
  • The average score is 17 of 71
Answer Stats
Position/Conference Answer Team % Correct
West Quarterback Bart Starr Green Bay Packers
100%
West Offensive Tackle Forrest Gregg Green Bay Packers
100%
West Halfback Gale Sayers Chicago Bears
100%
West Quarterback Johnny Unitas Baltimore Colts
100%
East Quarterback Sonny Jurgensen Washington Redskins
100%
East Offensive Tackle Bob Brown Philadelphia Eagles
50%
East Left End Bob Hayes Dallas Cowboys
50%
East Defensive Tackle Bob Lilly Dallas Cowboys
50%
East Left End Charley Taylor Washington Redskins
50%
East Linebacker Chris Hanburger Washington Redskins
50%
East Linebacker Chuck Howley Dallas Cowboys
50%
West Left End Dave Parks San Francisco 49ers
50%
West Defensive End Deacon Jones Los Angeles Rams
50%
West Fullback Dick Bass Los Angeles Rams
50%
East Quarterback Don Meredith Dallas Cowboys
50%
East Fullback Don Perkins Dallas Cowboys
50%
East Fullback Ernie Green Cleveland Browns
50%
East Quarterback Frank Ryan Cleveland Browns
50%
East Flanker Gary Collins Cleveland Browns
50%
East Offensive Guard Gene Hickerson Cleveland Browns
50%
West Tight End John Mackey Baltimore Colts
50%
East Halfback Johnny Roland St. Louis Cardinals
50%
East Offensive Guard Ken Gray St. Louis Cardinals
50%
West Fullback Ken Willard San Francisco 49ers
50%
East Safety Larry Wilson St. Louis Cardinals
50%
East Halfback Leroy Kelly Cleveland Browns
50%
West Flanker Pat Studstill Detroit Lions
50%
East Linebacker Tommy Nobis Atlanta Falcons
50%
West Defensive End Willie Davis Green Bay Packers
50%
East Defensive End Ben McGee Pittsburgh Steelers
0%
East Offensive Tackle Bob Reynolds St. Louis Cardinals
0%
West Offensive Tackle Bob Skoronski Green Bay Packers
0%
East Cornerback Brady Keys Pittsburgh Steelers
0%
West Center Bruce Bosley San Francisco 49ers
0%
West Kicker Bruce Gossett Los Angeles Rams
0%
East Defensive Tackle Chuck Walker St. Louis Cardinals
0%
East Cornerback Cornell Green Dallas Cowboys
0%
East Center Dave Manders Dallas Cowboys
0%
West Linebacker Dave Robinson Green Bay Packers
0%
West Linebacker Dave Wilcox San Francisco 49ers
0%
West Linebacker Dick Butkus Chicago Bears
0%
West Cornerback Dick LeBeau Detroit Lions
0%
East Offensive Tackle Dick Schafrath Cleveland Browns
0%
West Safety Eddie Meador Los Angeles Rams
0%
East Defensive Tackle Floyd Peters Philadelphia Eagles
0%
East Defensive End George Andrie Dallas Cowboys
0%
West Offensive Tackle Grady Alderman Minnesota Vikings
0%
West Defensive Tackle Henry Jordan Green Bay Packers
0%
West Cornerback Herb Adderley Green Bay Packers
0%
West Offensive Guard Howard Mudd San Francisco 49ers
0%
East Tight End Jackie Smith St. Louis Cardinals
0%
East Safety Jerry Stovall St. Louis Cardinals
0%
East Defensive End Joe Robb St. Louis Cardinals
0%
East Linebacker Johnny Brewer Cleveland Browns
0%
West Offensive Guard John Thomas San Francisco 49ers
0%
East Offensive Guard John Wooten Cleveland Browns
0%
East Center Len Hauss Washington Redskins
0%
West Cornerback Lenny Lyles Baltimore Colts
0%
West Tight End Marlin McKeever Los Angeles Rams
0%
West Linebacker Maxie Baughan Los Angeles Rams
0%
East Safety Mel Renfro Dallas Cowboys
0%
West Defensive Tackle Merlin Olsen Los Angeles Rams
0%
West Center Mick Tingelhoff Minnesota Vikings
0%
East Kicker Mike Clark Pittsburgh Steelers
0%
West Offensive Guard Milt Sunde Minnesota Vikings
0%
West Defensive End Ordell Braase Baltimore Colts
0%
West Left End Paul Flatley Minnesota Vikings
0%
West Safety Richie Petitbon Chicago Bears
0%
West Defensive Tackle Roger Brown Detroit Lions
0%
East Cornerback Spider Lockhart New York Giants
0%
West Safety Willie Wood Green Bay Packers
0%
No matching quizzes found
Score Distribution
Percent of People with Each Score
Percentile by Number Answered
Your Score History
You have not taken this quiz